LEADER 03432nam a22005054a 4500
001 45764
003 BD-DhAAL
005 20260514165118.0
008 260514t20061983nyuab b 000 1 eng
010 |a  2005034245 
015 |a GBA635809  |2 bnb 
016 7 |a 013436694  |2 Uk 
020 |a 0231138024 
020 |a 0231510837 
020 |a 9780231138024 
035 |a 14175925 
035 |a (OCoLC)62330897 
040 |a DLC  |c DLC  |d BAKER  |d UKM  |d C#P  |d KUT  |d YUS  |d COO  |d VP@  |d YDXCP  |d OCLCQ  |d DLC  |d BD-DhAAL 
041 1 |a eng  |h jpn 
042 |a pcc 
043 |a a-ja--- 
050 0 0 |a PL790  |b .H42 2006 
082 0 0 |a 895.632  |2 22 
130 0 |a Heike monogatari.  |l English.  |k Selections.  |9 60794 
245 1 4 |a The tales of the heike /  |c translated by Burton Watson ; edited, with an introduction, by Haruo Shirane. 
260 |a New York :  |b Columbia University Press,  |c c2006. 
300 |a vii, 216 pages :  |b ill., map ;  |c 23 cm 
440 0 |a Translations from the Asian classics  |9 60795 
490 1 |a Translations from the Asian classics 
500 |a Translated from the Japanese. 
504 |a Includes bibliographical references (p. [195]-208). 
505 0 |a Introduction -- book 1: The bells of Gion Monastery ; Night attack at Courtiers' Hall ; The sea bass ; Page-boy cuts ; Kiyomori's flowering fortunes ; Giō -- book 2: The admonition ; Signal fires ; The death of the senior counselor ; Yasuyori's prayer -- book 3: The pardon ; The foot-drumming ; Ariō ; The death of Shunkan -- book 4: The battle at the bridge -- book 5: The burning of Nara -- book 6: The death of Kiyomori -- book 7: Sanemori ; Tadanori leaves the capital ; The flight from Fukuhara -- book 8 [summary] -- book 9: The death of Lord Kiso ; The old horse ; The attack from the cliff ; The death of Tadanori ; The capture of Shigehira ; The death of Atsumori -- book 10: Regarding the precepts ; Senju-no-mae ; Yokobue ; Koremori becomes a monk ; Koremori drowns himself -- book 11: The death of Tsuginobu ; Nasu no Yoichi ; The lost bow ; The cockfights and the battle of Dan-no-ura ; Far-flying arrows ; The drowning of the former emperor -- book 12: The execution of Rokudai -- The initiates' book: The imperial lady becomes a nun ; The move to Ōhara ; The retired emperor visits Ōhara ; The six paths of existence ; The death of the imperial lady -- Glossary of characters. 
526 8 |a AAL 
541 1 |a Donated by Embassy of Japan in Bangladesh, Read Japan Project 2025, The Tokyo Foundation, supported by The Nippon Foundation.  |e 45764 
600 3 0 |a Taira family  |v Fiction.  |9 60796 
651 0 |a Japan  |x History  |y Gempei Wars, 1180-1185  |v Fiction.  |9 60797 
651 0 |a Japan  |x Social life and customs  |y To 1600  |v Fiction.  |9 60798 
655 7 |a Fiction. 
700 1 |a Watson, Burton,  |d 1925-2017.  |9 60799 
700 1 |a Shirane, Haruo,  |d 1951-  |9 60800 
830 0 |a Translations from the Asian classics  |9 60795 
852 1 |a Ayesha Abed Library  |c General Stacks 
942 |2 ddc  |c BK 
999 |c 47968  |d 47968 
952 |0 0  |1 0  |2 ddc  |4 0  |6 895_632000000000000_TAL  |7 0  |9 79215  |a BRACUL  |b BRACUL  |d 2026-05-14  |e Donated by Embassy of Japan in Bangladesh, Read Japan Project 2025, The Tokyo Foundation, supported by The Nippon Foundation.  |l 0  |o 895.632 TAL  |p 3010045764  |r 2026-05-14  |t 1  |w 2026-05-14  |y BK  |x Donated copy received from Embassy of Japan in Bangladesh, Read Japan Project 2025, The Tokyo Foundation, supported by The Nippon Foundation on 08 April 2026; $28.77